| 000 | 00835nam a2200217 a 4500 | ||
|---|---|---|---|
| 003 | 0 | ||
| 005 | 20250221122123.0 | ||
| 008 | 110617s19uu xx 00 eng d | ||
| 050 |
_aPHS SB 317.M7 _b.V47 2011 |
||
| 100 | _aVazquez, Russel Vandrick D. | ||
| 245 |
_aEffectiveness of chitosan from crab exoskeleton as growth enhancer for mongo plants / _cRussel Vandrick D. Vazquez. |
||
| 260 |
_aLas PiƱas City, Philippines : _bSouthville International School and Colleges, _c2011. |
||
| 300 |
_a21 pages : _billustrations ; _c28 cm. |
||
| 504 | _aIncludes bibliographical references. | ||
| 650 |
_aChitosan _xAgricultural applications. |
||
| 650 |
_aCrabs _xExoskeleton _vChemical properties. |
||
| 650 | _aPlant growth regulators. | ||
| 650 |
_aVigna radiata _xGrowth. |
||
| 650 | _aBiostimulants in agriculture. | ||
| 942 |
_2lcc _cPASS |
||
| 999 |
_c98516 _d98516 |
||